มุมมองปกติ
มุมมองแบบ MARC
- Transgenic organisms industries
รายการ Topical Term
001 - CONTROL NUMBER
- control field: 14280
003 - CONTROL NUMBER IDENTIFIER
- control field: NALT
005 - DATE AND TIME OF LATEST TRANSACTION
- control field: 20170822142528.0
008 - FIXED-LENGTH DATA ELEMENTS
- fixed length control field: 170822|| aca||babn | a|a d
040 ## - CATALOGING SOURCE
- Original cataloging agency: NALT
150 ## - HEADING--TOPICAL TERM
- Topical term or geographic name entry element: Transgenic organisms industries
- General subdivision: Law and legislation
